Investigation of indirect oxidation of aniline; Химия и химическая технология в XXI веке; Т. 2

Bibliografske podrobnosti
Parent link:Химия и химическая технология в XXI веке: материалы XII Всероссийской научно-практической конференции студентов и молодых ученых с международным участием, Томск, 11-13 мая 2011 г./ Национальный исследовательский Томский политехнический университет (ТПУ), Институт природных ресурсов (ИПР).— , 2011
Т. 2.— 2011.— [С. 269-271]
Glavni avtor: Ryazanova A. N.
Drugi avtorji: Volgin T. N. (научный руководитель)
Izvleček:Заглавие с титульного листа
Электронная версия печатной публикации
Jezik:angleščina
Izdano: 2011
Serija:Секция 7. Химия и химическая технология
Teme:
Online dostop:http://www.lib.tpu.ru/fulltext/v/Conferences/2011/C6/C6a138.pdf
Format: MixedMaterials Elektronski Book Chapter
KOHA link:https://koha.lib.tpu.ru/cgi-bin/koha/opac-detail.pl?biblionumber=216770

MARC

LEADER 00000naa2a2200000 4500
001 216770
005 20260420151451.0
035 |a (RuTPU)RU\TPU\book\236743 
035 |a RU\TPU\book\236741 
090 |a 216770 
100 |a 20120529d2011 k||y0rusy50 ba 
101 0 |a eng 
102 |a RU 
135 |a drnn ---uucaa 
200 1 |a Investigation of indirect oxidation of aniline  |f A. N. Ryazanova  |g research supervisor T. N. Volgin 
203 |a Text  |c electronic 
215 |a 1 файл (514 Кб) 
225 1 |a Секция 7. Химия и химическая технология 
300 |a Заглавие с титульного листа 
300 |a Электронная версия печатной публикации 
320 |a [References: p. 271 (4 tit.)] 
337 |a Adobe Reader 
461 1 |0 (RuTPU)RU\TPU\book\218704  |t Химия и химическая технология в XXI веке  |o материалы XII Всероссийской научно-практической конференции студентов и молодых ученых с международным участием, Томск, 11-13 мая 2011 г.  |o в 2 т.  |f Национальный исследовательский Томский политехнический университет (ТПУ), Институт природных ресурсов (ИПР)  |d 2011 
463 1 |0 (RuTPU)RU\TPU\book\218881  |t Т. 2  |v [С. 269-271]  |d 2011 
610 1 |a анилин 
610 1 |a электрохимическое окисление 
610 1 |a катодное восстановление 
610 1 |a исследование 
610 1 |a аналитические методы 
610 1 |a разработка 
610 1 |a труды учёных ТПУ 
610 1 |a электронный ресурс 
700 1 |a Ryazanova  |b A. N. 
702 1 |a Volgin  |b T. N.  |4 727 
801 1 |a RU  |b 63413507  |c 20120118 
801 2 |a RU  |b 63413507  |c 20130218  |g RCR 
856 4 |u http://www.lib.tpu.ru/fulltext/v/Conferences/2011/C6/C6a138.pdf 
942 |c CF